000 00321nam a2200133Ia 4500
008 210312s9999||||xx |||||||||||||| ||und||
041 _aosm
050 _aPK6481
050 _bM8.T83
100 _aAbidin Paşa
245 0 _aTercüme ve şerh-i Mesnevî-i şerif
260 _c1305
650 _aDin--İslam dini--Tasavvuf
999 _c22165
_d22165